World Life Expectancy (Highest and Lowest) Quiz Stats

 Plays Quiz not verified by Sporcle

Support Sporcle.
Go Orange.
Score 0/40 Timer 05:00
0 Plays Today
Rank Country % Correct
2Japan
88.2%
8Sweden
86.4%
6Canada
83.2%
17Norway
82.8%
7France
82.4%
13Italy
79.2%
16Spain
76%
5Australia
74.6%
9Switzerland
74.6%
11Iceland
73.5%
188Lesotho
73.1%
191Swaziland
71%
12New Zealand
70.3%
14Monaco
69.5%
173Rwanda
69.5%
1Andorra
69.2%
180Zimbabwe
69.2%
179Nigeria
69.2%
189Zambia
67.4%
175Somalia
67.4%
Rank Country % Correct
178Chad
67%
19Austria
66.7%
176South Africa
65.9%
174Mali
65.9%
15Liechtenstein
64.9%
190Angola
64.2%
172Namibia
62.7%
4San Marino
62.4%
18Greece
61.3%
183Malawi
60.9%
187Mozambique
60.6%
182Central African Republic
60.2%
186Sierra Leone
56.3%
3Singapore
55.9%
185Liberia
54.1%
177Guinea-Bissau
50.5%
184Djibouti
49.1%
181Afghanistan
49.1%
20Malta
48.4%
10Israel
41.9%

You're not logged in!

Compare scores with friends on all Sporcle quizzes.
OR
Log In

From the Vault

Baseball Players by First Names

by Noldeh

Wait? Bambino isn't his real first name?
Remove Ads.
Support Sporcle.
Get the best of Sporcle when you Go Orange. This ad-free experience offers more features, more stats, and more fun while also helping to support Sporcle. Thank you for becoming a member.

Show Comments

Extras

Top Quizzes Today


Score Distribution

Your Account Isn't Verified!

In order to create a playlist on Sporcle, you need to verify the email address you used during registration. Go to your Sporcle Settings to finish the process.

Report this User

Report this user for behavior that violates our Community Guidelines.

Details: